| 000 | 01544nam0a2200265 4500 | ||
|---|---|---|---|
| 001 | RU\NLR\bibl\161241 | ||
| 005 | 20260407021508.0 | ||
| 035 | _a(NLR Aleph) 000158158 | ||
| 090 |
_a909211 _c909211 |
||
| 100 | _a20010607d1996 |||y0rusy50 ca | ||
| 101 | 0 | _arus | |
| 102 | _aRU | ||
| 105 | _ay ||||||||| | ||
| 200 | 1 |
_aЛикворозамещающие растворы для активного дренирования и перфузии ликворосодержащих пространств _eМетод. рекомендации N 94/122 _fМ-во здравоохранения и мед. пром-сти Рос. Федерации, [Рос. науч.-исслед. нейрохирург. ин-т им. проф. А.Л. Поленова _gПодгот. д.б.н. Т.Г. Васильевой и др.] |
|
| 210 |
_aСПб. _cРос. науч.-исслед. нейрохирург. ин-т _d1996 |
||
| 215 |
_a7, [1] с. _d20 |
||
| 606 | 0 |
_aГоловной мозг _jМетодические пособия _xБолезни _xХирургическое лечение _xПрименение ликворозамещающих растворов _92208211 _3RU\NLR\auth\661326629 |
|
| 686 | _aР636.77-59 | ||
| 702 | 1 |
_aВасильева _bТ. Г. _4570 |
|
| 711 | 1 | 2 |
_8ger _aFortbuldungstagung für Fachreferentinnen und Fachreferenten des Wirtschaftswissenschaften _d5 _f2006 _eKöln _7ba _3RU\NLR\AUTH\8810006462 _9510436 |
| 801 | 0 |
_aRU _bNLR _c20010607 _gPSBO |
|
| 801 | 1 |
_aRU _bNLR _c20010607 |
|
| 942 | _cBOOK | ||
| 980 | _aNB | ||